| 000 | 00475nam a2200181Ia 4500 | ||
|---|---|---|---|
| 008 | 240925s9999 xx 000 0 und d | ||
| 020 | _a9780074519653 | ||
| 082 | _a621.38193 BHA | ||
| 100 | _aBhargava, N. N. | ||
| 245 | 0 | _aBasic Electronic and Linear Circuit | |
| 250 | _aNA | ||
| 260 |
_aNew Delhi: _bTata McGraw Hill _c,2006. |
||
| 300 |
_a647p. _b0 _fOriginal |
||
| 500 | _aIncludes Index | ||
| 600 | _aEngineering Technology | ||
| 650 | _aTechnology | ||
| 942 | _cBK | ||
| 999 |
_c12667 _d12667 |
||